History Quiz

Random History or Disney Quiz

Walt Disney Quiz Stats

 Plays Quiz not verified by Sporcle

Challenge
Share
Tweet
Embed
Score 0/10 Timer 07:00
0 Plays Today
% Correct
cremated
76%
Mickey mouse
67.5%
Lung Cancer
51.2%
postage stamp
33.6%
32
24.7%
D'Isigny
6%
Retlaw Yensid
2.8%
Yale, Harvard, UCLA
1.8%
Chili with beans
1.8%
Faulty heating system
1.4%

You're not logged in!

Compare scores with friends on all Sporcle quizzes.
Join for Free
OR
Log In

You Might Also Like...

Show Comments

Extras

Top Quizzes Today


Score Distribution

Your Account Isn't Verified!

In order to create a playlist on Sporcle, you need to verify the email address you used during registration. Go to your Sporcle Settings to finish the process.

Report this User

Report this user for behavior that violates our Community Guidelines.

Details: